Personalizácia e-mail marketingu
Zameranie na kľúčovú úlohu e-mail marketingu v kontexte B2C komunikácie v súčasnom digitálnom marketingovom prostredí. Poukazovanie na jeho efektivitu a nízke náklady, ako hlavné faktory, čím si udržiava populárne využitie v praxi. Význam technologických inovácií pre e-mail marketing, ako sú persona...
Enregistré dans:
| Auteur principal: | |
|---|---|
| Format: | Chapitre de livre |
| Langue: | anglais |
| Sujets: | |
| Tags: |
Pas de tags, Soyez le premier à ajouter un tag!
|
MARC
| LEADER | 00000naa$a2200000$$$4500 | ||
|---|---|---|---|
| 001 | 0305909 | ||
| 005 | 20250228130316.9 | ||
| 041 | 0 | |a eng | |
| 044 | |a SK | ||
| 245 | 1 | 0 | |a Personalizácia e-mail marketingu |c Viliam Murin |
| 520 | |a Zameranie na kľúčovú úlohu e-mail marketingu v kontexte B2C komunikácie v súčasnom digitálnom marketingovom prostredí. Poukazovanie na jeho efektivitu a nízke náklady, ako hlavné faktory, čím si udržiava populárne využitie v praxi. Význam technologických inovácií pre e-mail marketing, ako sú personalizácia, automatizácia a mobilná optimalizácia, a ich vplyv na zvyšovanie interakcií a konverzií. Detailný popis personalizácie e-mail marketingu. | ||
| 610 | 2 | 0 | |a mailing |
| 610 | 2 | 0 | |a marketing |
| 610 | 2 | 0 | |a marketing elektronický |
| 610 | 2 | 0 | |a prostredie virtuálne |
| 610 | 2 | 0 | |a prostredie podnikateľské |
| 610 | 2 | 0 | |a prostredie konkurenčné |
| 610 | 2 | 0 | |a efektívnosť |
| 610 | 2 | 0 | |a personalizácia |
| 100 | 1 | |a Murin, Viliam, 1994- | |